Normal view
MARC view
- ISLAM-NAMOOS-E-RASOOL ISLAM-QANOON-E-TOHEEN RASALAT
Entry Topical Term
001 - CONTROL NUMBER
- control field: 79094
003 - CONTROL NUMBER IDENTIFIER
- control field: NUST
005 - DATE AND TIME OF LATEST TRANSACTION
- control field: 20210628210349.0
008 - FIXED-LENGTH DATA ELEMENTS
- fixed length control field: 210628|| aca||aabn | a|a d
040 ## - CATALOGING SOURCE
- Original cataloging agency: NUST
- Transcribing agency: NUST
150 ## - HEADING--TOPICAL TERM
- Topical term or geographic name entry element: ISLAM-NAMOOS-E-RASOOL ISLAM-QANOON-E-TOHEEN RASALAT
670 ## - SOURCE DATA FOUND
- Source citation: Work cat.: (NUST): Muhammad Ismail Qureshi 79093, Namoos-e-rasool aur qanoon-e-toheen rasalat, 1999
